Cold War Conflicts - Statistics

General Stats
  • This quiz has been taken 1,667 times
    1,483 since last reset
  • The average score is 4 of 9
Answer Stats
Hint Answer % Correct
1955-1975 Vietnam War
92%
1950-1953 Korean War
91%
1979-1989 Soviet-Afghan War
62%
1953-1959 Cuban Revolution
50%
1948-1949 Berlin Blockade
24%
1956 Suez Crisis
15%
1946-1950 Chinese Civil War
14%
1946-1949 Greek Civil War
12%
1971 India-Pakistan War
7%
No matching quizzes found
Score Distribution
Percent of People with Each Score
Percentile by Number Answered
Your Score History
You have not taken this quiz since the last reset